Trabajo : revista de ciencias aplicadas a la industria y de información técnica revista de ciencias aplicadas a la industria y de información técnica
Descripción Física:
il. ; 30 cm
Materias:
Indústria tèxtil -- Revistes
MARC
| LEADER | 00000nam a2200000Ia 4500 | ||
|---|---|---|---|
| 003 | BGR | ||
| 005 | 20260324180152.0 | ||
| 008 | 160829s19?? xx 000 0 cat d | ||
| 008 | 160829s9999 xx 000 0 cat d | ||
| 080 | |a 4195, exp. 48 | ||
| 245 | |a Trabajo : |b revista de ciencias aplicadas a la industria y de información técnica | ||
| 260 | |a Barcelona : |b Escuela Superior del Trabajo de Tarrasa, |c 19?? | ||
| 300 | |a il. ; |c 30 cm | ||
| 362 | |a Año 1, no. 1 (1930)- | ||
| 590 | |a Mensual | ||
| 650 | |a Indústria tèxtil |x Revistes |9 47188 | ||
| 710 | 1 | |a Escuela Superior del Trabajo de Tarrasa |9 70843 | |
| 866 | |a Any 1, 1930 (1) | ||
| 901 | |a Arxiu | ||
| 942 | |n 1 |2 udc |c MON | ||
| 952 | |0 0 |1 0 |4 0 |6 4195_EXP_48 |7 1 |9 54532 |a Arxiu |b Arxiu |d 2016-12-01 |l 0 |o 4195, exp. 48 |r 2016-12-01 00:00:00 |w 2016-12-01 |y ARXIU | ||
| 999 | |c 58401 |d 58401 | ||